Angela - The Lumineers (All Lyrics) - Statistics

General Stats
  • This quiz has been taken 49 times
  • The average score is 128 of 190
Answer Stats
Hint Answer % Correct
a
100%
Angela,
97%
Angela
97%
I
94%
you
92%
Oh,
89%
Oh
89%
in
86%
In
86%
the
83%
PreChorus The
83%
to
83%
with
83%
With
83%
And
81%
and
81%
coming
81%
down
81%
long
81%
this
81%
time
81%
Verse1 When
81%
it's
78%
left
78%
town,
78%
town
78%
your
78%
windows
75%
just
72%
on
72%
They
72%
up
72%
strangers
69%
PreChorus Strangers
69%
love
67%
at
64%
last
64%
all
61%
raise
61%
cut
58%
Chorus | Outro | x3 Home
58%
inside
58%
of
58%
wilderness
58%
glass
56%
me,
56%
running
56%
tar
56%
around
53%
exits
53%
Let
53%
mind
53%
my
53%
pass,
53%
second
53%
believe
50%
distant
50%
ever
50%
found
50%
knee,
50%
life
50%
radio
50%
whole
50%
away
47%
belong,
47%
green
47%
hear
47%
lit
47%
lost
47%
only
47%
spent
47%
Volvo
47%
But
44%
corners
44%
held
44%
hotel
44%
lights
44%
road
44%
room,
44%
static
44%
those
44%
Verse3 Were
44%
white
44%
Did
42%
some
42%
war
42%
abyss?
39%
cities
39%
course
39%
fingers
39%
sky
39%
Bridge Vacancy,
39%
arms
36%
coat
36%
PreChorus From
36%
notes,
36%
'Til
36%
align
33%
safe
33%
signs
33%
codes
31%
fist
31%
warm
31%
x16 (Ooh)
19%
No matching quizzes found
Score Distribution
Percent of People with Each Score
Percentile by Number Answered
Your Score History
You have not taken this quiz